<?xml version="1.0" encoding="UTF-8"?>
<record
    xmlns:xsi="http://www.w3.org/2001/XMLSchema-instance"
    xsi:schemaLocation="http://www.loc.gov/MARC21/slim http://www.loc.gov/standards/marcxml/schema/MARC21slim.xsd"
    xmlns="http://www.loc.gov/MARC21/slim">

  <leader>01721nam a22003257a 4500</leader>
  <controlfield tag="001">347</controlfield>
  <controlfield tag="003">OSt</controlfield>
  <controlfield tag="005">20250528074018.0</controlfield>
  <controlfield tag="008">250331b        |||||||e |||| 00| f eng d</controlfield>
  <datafield tag="040" ind1=" " ind2=" ">
    <subfield code="b">por</subfield>
  </datafield>
  <datafield tag="041" ind1=" " ind2=" ">
    <subfield code="h">fre</subfield>
    <subfield code="a">por</subfield>
  </datafield>
  <datafield tag="082" ind1=" " ind2=" ">
    <subfield code="a">843</subfield>
    <subfield code="b">M259a</subfield>
  </datafield>
  <datafield tag="100" ind1="1" ind2=" ">
    <subfield code="a">Malraux, Andr&#xE9;</subfield>
    <subfield code="d">1901-1976.</subfield>
    <subfield code="9">720</subfield>
  </datafield>
  <datafield tag="240" ind1=" " ind2=" ">
    <subfield code="a">La Condition Humaine</subfield>
  </datafield>
  <datafield tag="245" ind1=" " ind2=" ">
    <subfield code="a">A Condi&#xE7;&#xE3;o Humana /</subfield>
    <subfield code="c">Malraux, Andr&#xE9; ; Tradu&#xE7;&#xE3;o de Jorge de Sena</subfield>
  </datafield>
  <datafield tag="260" ind1=" " ind2=" ">
    <subfield code="a">S&#xE3;o Paulo </subfield>
    <subfield code="b">Abril</subfield>
    <subfield code="c">1972</subfield>
  </datafield>
  <datafield tag="300" ind1=" " ind2=" ">
    <subfield code="a">301 p.</subfield>
  </datafield>
  <datafield tag="490" ind1="1" ind2=" ">
    <subfield code="a">Os Imortais da Literatura Universal</subfield>
    <subfield code="v">vol. 48</subfield>
  </datafield>
  <datafield tag="520" ind1=" " ind2=" ">
    <subfield code="a">China, mar&#xE7;o de 1927. Um homem corro&#xED;do pela amargura. Um Pa&#xED;s sacudido por uma insurrei&#xE7;&#xE3;o. Atr&#xE1;s de fachadas insuspeitas de cidades sufocadas por riquix&#xE1;s, autom&#xF3;veis e bondes, fuma&#xE7;a de carv&#xE3;o, excrementos e suores de brancos e amarelos, homens planejam uma revolu&#xE7;&#xE3;o, muitos divididos entre a culpa e a ideologia. Publicado em 1933, este livro de Andr&#xE9; Malraux &#xE9; um relato dos acontecimentos que deram in&#xED;cio &#xE0; Revolu&#xE7;&#xE3;o Chinesa. Um depoimento pessoal sobre um dos momentos hist&#xF3;ricos mais dram&#xE1;ticos do s&#xE9;culo XX. Neste cl&#xE1;ssico da literatura mundial &#x2013; estruturado como romance, mas escrito em tom de reportagem &#x2013; as quest&#xF5;es morais, intelectuais e pol&#xED;ticas est&#xE3;o em primeiro plano, e os personagens representam valores e formas de a&#xE7;&#xE3;o.</subfield>
  </datafield>
  <datafield tag="650" ind1=" " ind2="0">
    <subfield code="a">Literatura francesa</subfield>
    <subfield code="9">122</subfield>
  </datafield>
  <datafield tag="650" ind1=" " ind2="0">
    <subfield code="a">Cr&#xED;tica social</subfield>
    <subfield code="9">514</subfield>
  </datafield>
  <datafield tag="650" ind1=" " ind2="0">
    <subfield code="a">Moral e &#xC9;tica </subfield>
    <subfield code="9">603</subfield>
  </datafield>
  <datafield tag="650" ind1=" " ind2="0">
    <subfield code="a">Revolu&#xE7;&#xE3;o Chinesa</subfield>
    <subfield code="9">722</subfield>
  </datafield>
  <datafield tag="650" ind1=" " ind2="0">
    <subfield code="a">Cl&#xE1;ssicos</subfield>
    <subfield code="9">77</subfield>
  </datafield>
  <datafield tag="655" ind1=" " ind2="0">
    <subfield code="a">Romance</subfield>
    <subfield code="9">23</subfield>
  </datafield>
  <datafield tag="655" ind1=" " ind2="0">
    <subfield code="a">Fic&#xE7;&#xE3;o </subfield>
    <subfield code="9">22</subfield>
  </datafield>
  <datafield tag="700" ind1="1" ind2=" ">
    <subfield code="a">Sena, Jorge de,</subfield>
    <subfield code="d">1919-1978.</subfield>
    <subfield code="e">TRADUTOR</subfield>
    <subfield code="9">723</subfield>
  </datafield>
  <datafield tag="830" ind1=" " ind2=" ">
    <subfield code="a">Os Imortais da Literatura Universal</subfield>
    <subfield code="9">461</subfield>
    <subfield code="v">vol. 48</subfield>
  </datafield>
  <datafield tag="942" ind1=" " ind2=" ">
    <subfield code="2">ddc</subfield>
    <subfield code="n">0</subfield>
    <subfield code="c">BK</subfield>
  </datafield>
  <datafield tag="952" ind1=" " ind2=" ">
    <subfield code="0">0</subfield>
    <subfield code="1">0</subfield>
    <subfield code="2">ddc</subfield>
    <subfield code="4">0</subfield>
    <subfield code="7">0</subfield>
    <subfield code="8">FIC</subfield>
    <subfield code="a">BIBIB</subfield>
    <subfield code="b">BIBIB</subfield>
    <subfield code="c">LE</subfield>
    <subfield code="d">2025-03-31</subfield>
    <subfield code="e">doa&#xE7;&#xE3;o</subfield>
    <subfield code="l">0</subfield>
    <subfield code="o">843 / M259a</subfield>
    <subfield code="p">2025-17301</subfield>
    <subfield code="r">2025-03-31 08:40:50</subfield>
    <subfield code="w">2025-03-31</subfield>
    <subfield code="y">BK</subfield>
  </datafield>
  <datafield tag="999" ind1=" " ind2=" ">
    <subfield code="c">347</subfield>
    <subfield code="d">347</subfield>
  </datafield>
</record>
